000 00765nam a22002657a 4500
001 BR9505656
003 BR-BrBNA
005 20230928094636.0
007 ta
008 230509b bl.||||| |||| 00| 0 por d
040 _aBR-BrBNA
_bpor
_cBiblioteca Nacional de Agricultura
041 _a(Por)
072 _aP06
090 _ P06 BR9505656
100 1 _aFilgueiras, G.
110 1 _aCentrais Eletricas Brasileiras S.A., Rio de Janeiro, RJ (Brasil)
_91385
245 1 _aEnergizacao no meio rural brasileiro atraves do aproveitamento da biomassa
260 3 _aRio de janeiro, RJ (Brasil)]:
_c[nd].
300 _a22 p.
500 _a10 tables
650 _aBiomassa
650 _aRecurso Energetico
909 _a202309
_bLucia
_c55
_dLucia Elande
942 _cBK
999 _c51822
_d51822